|
|
|
|
| LEADER |
00000nab a2200000 ar4500 |
| 001 |
vtls011612933 |
| 003 |
SK-MaSNL |
| 005 |
20260303232834.0 |
| 008 |
170221c20161230xo mr|p|||||||000 b|slo |
| 038 |
|
|
|a SNSK
|
| 040 |
|
|
|b slo
|c SNSK
|e AACR2
|
| 041 |
0 |
|
|a slo
|
| 044 |
|
|
|a xo
|c SK
|
| 080 |
|
|
|a 612.17
|2 2011
|
| 080 |
|
|
|a 614.88
|2 2011
|
| 100 |
1 |
|
|a Kovář, Zdeněk
|4 aut
|9 266642
|
| 245 |
1 |
0 |
|a Zachraňovať životy bude vďaka mŕtvej lekárke!
|b prvý verejný defibrilátor na Spiši
|c Zdeněk Kovář
|
| 300 |
|
|
|b Fotogr.
|
| 650 |
0 |
7 |
|a defibrilátory
|2 snsk
|9 869338
|
| 650 |
0 |
7 |
|a nonstop prístup
|2 snsk
|9 1269226
|
| 650 |
0 |
7 |
|a finančné zbierky
|2 snsk
|9 344577
|
| 650 |
0 |
7 |
|a záchrana života
|2 snsk
|9 884603
|
| 651 |
|
7 |
|a Spišská Nová Ves (Slovensko)
|2 snsk
|9 28800
|
| 651 |
|
7 |
|a Poprad (Slovensko)
|2 snsk
|9 20155
|
| 773 |
0 |
|
|t Nový Čas
|g Roč. 26, č. 301 (30.12.2016), s. 6
|x 1335-4655
|
| 852 |
|
|
|a SNSK
|b KIS3GCP
|
| 856 |
4 |
1 |
|u https://www.cas.sk/clanok/492306/prvy-verejny-defibrilator-na-spisi-zachranovat-zivoty-bude-vdaka-mrtvej-lekarke/
|
| 999 |
|
|
|c 2274126
|d 2276056
|